| 000 | 00625nam a2200205Ia 4500 | ||
|---|---|---|---|
| 005 | 20220208094343.0 | ||
| 008 | 210716s2004 xx 000 0 und d | ||
| 020 | _a8129701014 | ||
| 040 | _cAIMIT LIBRARY | ||
| 041 | _aeng | ||
| 082 |
_a658.4 _27 _bROBS |
||
| 100 |
_aRobbins, Stephen P. _917468 |
||
| 245 |
_aEssentials of organizational behavior / _cBy Stephen P Robbins |
||
| 250 | _a7th ed. | ||
| 260 |
_aNew Delhi : _bPearson Education , _c2004 . |
||
| 300 |
_axx,300p. ; _c24cm. |
||
| 650 |
_aGroups in the organization _917469 |
||
| 650 |
_aIndividual Decision Making _917470 |
||
| 942 |
_2ddc _cBK _e7th _k658.4 ROBS |
||
| 999 |
_c199144 _d199144 |
||